Метод испытания механической прочности изоляции провода на истирание; Ресурсоэффективные системы в управлении и контроле: взгляд в будущее

Xehetasun bibliografikoak
Parent link:Ресурсоэффективные системы в управлении и контроле: взгляд в будущее.— 2021.— [С. 55-57]
Egile nagusia: Косолапов В. Н.
Erakunde egilea: Национальный исследовательский Томский политехнический университет Инженерная школа неразрушающего контроля и безопасности Отделение контроля и диагностики
Beste egile batzuk: Фёдоров Е. М. Евгений Михайлович (научный руководитель)
Gaia:Заглавие с экрана
Hizkuntza:errusiera
Argitaratua: 2021
Gaiak:
Sarrera elektronikoa:http://earchive.tpu.ru/handle/11683/69926
Formatua: Baliabide elektronikoa Liburu kapitulua
KOHA link:https://koha.lib.tpu.ru/cgi-bin/koha/opac-detail.pl?biblionumber=634110

MARC

LEADER 00000naa2a2200000 4500
001 634110
005 20231101133808.0
035 |a (RuTPU)RU\TPU\conf\35863 
035 |a RU\TPU\conf\35862 
090 |a 634110 
100 |a 20220222d2021 k y0rusy50 ca 
101 0 |a rus 
102 |a RU 
105 |a y z 101zy 
135 |a drcn ---uucaa 
181 0 |a i  
182 0 |a b 
200 1 |a Метод испытания механической прочности изоляции провода на истирание  |f В. Н. Косолапов  |g науч. рук. Е. М. Фёдоров 
203 |a Текст  |c электронный 
230 |a 1 компьютерный файл (pdf; 831 Kb) 
300 |a Заглавие с экрана 
320 |a [Библиогр.: с. 57 (7 назв.)] 
463 0 |0 (RuTPU)RU\TPU\conf\35848  |t Ресурсоэффективные системы в управлении и контроле: взгляд в будущее  |o сборник научных трудов X Международной конференции школьников, студентов, аспирантов, молодых ученых, 9-11 ноября 2021 г., г. Томск  |f Национальный исследовательский Томский политехнический университет (ТПУ)  |v [С. 55-57]  |d 2021 
610 1 |a электронный ресурс 
610 1 |a труды учёных ТПУ 
610 1 |a методы испытания 
610 1 |a механическая прочность 
610 1 |a изоляция 
610 1 |a провода 
610 1 |a истирание 
610 1 |a изоляционные покрытия 
610 1 |a кабельное производство 
700 1 |a Косолапов  |b В. Н. 
702 1 |a Фёдоров  |b Е. М.  |c специалист в области электрофизики  |c доцент Томского политехнического университета, кандидат наук  |f 1980-  |g Евгений Михайлович  |2 stltpush  |4 727 
712 0 2 |a Национальный исследовательский Томский политехнический университет  |b Инженерная школа неразрушающего контроля и безопасности  |b Отделение контроля и диагностики  |h 7978  |2 stltpush  |3 (RuTPU)RU\TPU\col\23584 
801 2 |a RU  |b 63413507  |c 20220304  |g RCR 
856 4 |u http://earchive.tpu.ru/handle/11683/69926 
942 |c BK